| 000 | 02018nam0a2200337 4500 | ||
|---|---|---|---|
| 001 | RU\NLR\BIBL_A\022799815 | ||
| 005 | 20260531092117.0 | ||
| 010 |
_a978-5-91137-560-7 _9300 |
||
| 035 | _a(NLR Aleph) 022799815 | ||
| 090 |
_a13713964 _c13713964 |
||
| 100 | _a20260505d2025 k y0rusy50 ca | ||
| 101 | 0 | _arus | |
| 102 | _aRU | ||
| 105 | _aa z 000yy | ||
| 181 | 0 |
_ai _baxxe |
|
| 182 | 0 | _an | |
| 200 | 1 |
_aУстойчивое развитие промышленного производства и технологические инновации: теоретические основы взаимосвязи, методология, практика _eмонография _fВ. С. Жаров _gМинистерство науки и высшего образования Российской Федерации, Федеральный исследовательский центр "Кольский научный центр Российской академии наук", Институт экономических проблем им. Г. П. Лузина |
|
| 203 |
_aТекст _bвизуальный _cнепосредственный |
||
| 210 |
_aАпатиты _cИзд-во Кольского научного центра РАН _d2025 |
||
| 215 |
_a131 с. _cил., цв. ил., табл. _d26 |
||
| 300 | _aНа обл.: 95 (1930-2025) Кольский научны центр | ||
| 320 | _aБиблиогр.: с. 100-119 (260 назв.) | ||
| 606 | 1 |
_aПромышленные предприятия _xПроизводство _yРоссийская Федерация _92135296 _3RU\NLR\AUTH\661287671 |
|
| 606 | 1 |
_aУстойчивого развития концепция _yРоссийская Федерация _92270123 _3RU\NLR\AUTH\661360677 |
|
| 686 | 1 | _aУ30(2Р) | |
| 686 | 1 | _aУ9(2)-961-314(2Р) | |
| 700 | 1 |
_aЖаров _bВ. С. _gВладимир Сергеевич |
|
| 942 | _cBOOK | ||
| 980 | _aNB | ||